Geometría moderna
Salvato in:
| Autori principali: | , |
|---|---|
| Natura: | Libro |
| Lingua: | spagnolo |
| Pubblicazione: |
Ciudad de México
Addison-Wesley Iberoamericana
1986
|
| Soggetti: | |
| Tags: |
Aggiungi Tag
Nessun Tag, puoi essere il primo ad aggiungerne!!
|
MARC
| LEADER | 00000nam a2200000 a 4500 | ||
|---|---|---|---|
| 001 | UCW1148 | ||
| 003 | CL-VaPUC | ||
| 008 | 911002e19860000MX |||||||||||||||||spa|d | ||
| 082 | 0 | 4 | |a 516 |b MOI |2 21 |
| 100 | |a Moise, Edwin E. |e autor |9 547639 | ||
| 700 | 0 | |a Downs, Floyd L |e author |9 305059 | |
| 245 | 1 | 0 | |a Geometría moderna |
| 300 | |a 578 p | ||
| 942 | |c BK | ||
| 945 | |d 19911002 00:00:00 | ||
| 260 | |a Ciudad de México |b Addison-Wesley Iberoamericana |c 1986 | ||
| 650 | 7 | |a GEOMETRIA MODERNA |2 CL-VaPUC |9 266018 | |
| 583 | |a last modification |c 19911002 00:00:00 |k Rodrigo Vera | ||
| 999 | |c 216086 |d 216084 | ||
| 952 | |0 0 |1 0 |4 0 |6 516_000000000000000_MOI_1986 |7 0 |8 A |9 201542 |a BIBMAT |b BIBMAT |d 2019-11-14 |i 2687909 |o 516 MOI 1986 |p 2687909 |r 2025-01-07 |w 2019-11-14 |y BK |k MAT | ||
| 952 | |0 0 |1 0 |4 0 |6 516_000000000000000_MOI_1986 |7 0 |8 A |9 201543 |a BIBMAT |b BIBMAT |d 2019-11-14 |i 2687917 |o 516 MOI 1986 |p 2687917 |r 2025-01-07 |w 2019-11-14 |y BK |k MAT | ||